Central Library OPAC University of Rajshahi

Introduction to electronic analogue computers / (Record no. 6037)

MARC details
000 -LEADER
fixed length control field 01043nam a22003011 4500
001 - CONTROL NUMBER
control field 6037
003 - CONTROL NUMBER IDENTIFIER
rucl marc code BD-RjUL
005 - DATE AND TIME OF LATEST TRANSACTION
control field 20211208234155.0
008 - FIXED-LENGTH DATA ELEMENTS--GENERAL INFORMATION
fixed length control field 140108s1965 enka b 000 0 eng d
035 ## - SYSTEM CONTROL NUMBER
System control number (BD-RjUL) 6076
040 ## - CATALOGING SOURCE
Original cataloging agency DLC/ICU
Transcribing agency ICU
Modifying agency DLC
-- (BD-RjUL)
Language of cataloging eng
041 ## - LANGUAGE CODE
Language code of text/sound track or separate title eng
082 00 - DEWEY DECIMAL CLASSIFICATION NUMBER
Author mark and year WAI
100 1# - MAIN ENTRY--PERSONAL NAME
Personal name Wass, C. A. A.
9 (RLIN) 18974
245 10 - TITLE STATEMENT
Title Introduction to electronic analogue computers /
Statement of responsibility, etc. by C.A.A. Wass and K.C. Garner.
250 ## - EDITION STATEMENT
Edition statement 2d rev. and enl. ed.
260 ## - PUBLICATION, DISTRIBUTION, ETC. (IMPRINT)
Place of publication, distribution, etc. Oxford :
-- New York :
Name of publisher, distributor, etc. Pergamon Press;
Date of publication, distribution, etc. [1965]
300 ## - PHYSICAL DESCRIPTION
Pagination x, 302 p. :
Illustrations illus. ;
Size 23 cm.
490 1# - SERIES STATEMENT
Series statement International series of monographs in electronics and instrumentation,
Volume/sequential designation v. 6
504 ## - BIBLIOGRAPHY, ETC. NOTE
Bibliography, etc Bibliography: p. 287-293.
650 #0 - SUBJECT ADDED ENTRY--TOPICAL TERM
Topical term or geographic name as entry element Electronic analog computers.
9 (RLIN) 18975
700 1# - ADDED ENTRY--PERSONAL NAME
Personal name Garner, K. C.
Fuller form of name (Kenneth Charles),
Relator term joint author.
830 #0 - SERIES ADDED ENTRY--UNIFORM TITLE
Volume number/sequential designation v. 6.
830 #0 - SERIES ADDED ENTRY--UNIFORM TITLE
Uniform title International series of monographs on electronics and instrumentation ;
942 ## - ADDED ENTRY ELEMENTS (KOHA)
Source of classification or shelving scheme Dewey Decimal Classification
Koha item type Books
Holdings
Lost status Source of classification or shelving scheme Damaged status Not for loan Collection code Permanent Location Current Location Shelving location Date acquired Source of acquisition Cost, normal purchase price Total Checkouts Full call number Date last seen Copy number Koha item type
  Dewey Decimal Classification     Non-fiction Central Library, University of Rajshahi Central Library, University of Rajshahi   02/10/1970 Sweels & Zeitlinger 0.00   651.8 WAI 1965 08/01/2014 C-5 Books